01310 2200397 4500001002100000005001500021035002000036007000300056008004100059020002200100040002200122082001500144084001700159100003100176245016100207250002600368300002800394650002300422700003300445700003200478700003000510850001200540264007900552336002100631337003000652338002300682041001300705546005500718090001900773990002000792990002000812990002000832990002000852990002000872990002000892INLIS00000000088562520240416120701 a0010-0424000252ta240416s2023 jkia b 1 ind d a978-623-112-574-3 aYOPDYOGbinderda04223a028.55 a028.55 MUH s0 aMuhammad RusydiePengarang10aSinau ing jagad canthing = belajar di dunia canting /cMuhammad Rusydi; ilustrator, Banuarli Ambardi; penerjemah, Muhammad Rusydi; penyunting, Nindwihapsari aCetakan Pertama, 2023 aii, 24 halaman ;c30 cm 4aBacaan kanak-kanak0 aBanuarli AmbardieIlustrator0 aMuhammad RusydiePenerjemah0 aNindwihapsariePenyunting aYOPDYOG31aJakarta :bKementerian Pendidikan, Kebudayaan, Riset, dan Teknologi,c2023 2rdacontentateks 2rdamediaatanpa perantara 2rdacarrieravolume ajavhind aTeks terdiri dari Bahasa Jawa dan Bahasa Indonesia aK 028.55 MUH s a71868-PD/A.2024 a71869-PD/A.2024 a71868-PD/A.2024 a71869-PD/A.2024 a71869-PD/A.2024 a71868-PD/A.2024